ბათუმის შოთა რუსთაველის სახელმწიფო უნივერსიტეტის ბიბლიოთეკა

физиотерапия и курортология. Кн.2 (ბიბ.ჩანაწერი № 45282)

000 -LEADER
fixed length control field 00873nam a2200229Ia 4500
001 - CONTROL NUMBER
control field 12106
003 - CONTROL NUMBER IDENTIFIER
control field GE_BSU
008 - FIXED-LENGTH DATA ELEMENTS--GENERAL INFORMATION
fixed length control field 181216s||||||||xx |||||||||||||| ||und||
020 ## - INTERNATIONAL STANDARD BOOK NUMBER
International Standard Book Number 9785951802736
040 ## - CATALOGING SOURCE
Transcribing agency GE_BSU
080 ## - UNIVERSAL DECIMAL CLASSIFICATION NUMBER
Universal Decimal Classification number 615.83+615.834
245 ## - TITLE STATEMENT
Title физиотерапия и курортология. Кн.2
245 ## - TITLE STATEMENT
Remainder of title Физиотерапия и реабилитация при заболеваниях органов пищеварения, сердечно-сосудистой, дыхательной систем, эндокринной и мочеполовой систем
245 ## - TITLE STATEMENT
Statement of responsibility, etc. Под.ред. В.М.Боголюбова.
260 ## - PUBLICATION, DISTRIBUTION, ETC.
Place of publication, distribution, etc. Москва
260 ## - PUBLICATION, DISTRIBUTION, ETC.
Name of publisher, distributor, etc. Бином
260 ## - PUBLICATION, DISTRIBUTION, ETC.
Date of publication, distribution, etc. 2012
300 ## - PHYSICAL DESCRIPTION
Extent 311стр.илл.24см.
653 ## - INDEX TERM--UNCONTROLLED
Uncontrolled term физиотерапия и курортология
942 ## - ADDED ENTRY ELEMENTS (KOHA)
Koha item type წიგნი
ეგზემპლარები
Withdrawn status Lost status Damaged status Not for loan Date acquired Barcode Date last seen Price effective from Koha item type
        2018-12-17 35973 2018-12-17 2018-12-17 წიგნი
        2018-12-17 35974 2018-12-17 2018-12-17 წიგნი
        2018-12-17 35975 2018-12-17 2018-12-17 წიგნი
        2018-12-17 35976 2018-12-17 2018-12-17 წიგნი
        2018-12-17 35977 2018-12-17 2018-12-17 წიგნი
        2018-12-17 35978 2018-12-17 2018-12-17 წიგნი